2024-2025 NBA Players With 25+ PPG - Statistics

General Stats
  • This quiz has been taken 138 times
  • The average score is 3 of 13
Answers on the Grid
Answers color-coded by a green-red scale on the quiz's grid according to % correct below.
Shai
Giannis
Jokic
Luka
Ant
Tatum
Durant
Maxey
Cunningham
Brunson
Banchero
Booker
Lamelo
Lillard
Haliburton
Kyrie
AD
Curry
Lebron
KAT
Wemby
Embiid
Mitchell
Harden
Powell
Morant
JJJ
Butler
Porzingis
J Brown
 
Answer Stats
Answer % Correct
Jokic
44%
Giannis
42%
Shai
37%
Ant
35%
Tatum
33%
Booker
31%
Brunson
29%
Luka
29%
Durant
27%
Maxey
19%
Cunningham
15%
Banchero
4%
Lamelo
4%
No matching quizzes found
Score Distribution
Percent of People with Each Score
Percentile by Number Answered
Your Score History
You have not taken this quiz